Vývoj platební bilance ČSFR v roce 1991.

Vplyv transformačného procesu čs. hospodárstva a zhoršených vonkajších ekonomických podmienok na vývoj platobnej bilancie. Opatrenia na ochranu platobnej bilancie. Charakteristika vývoja bilancie v konvertibilných menách. Príliv priamych investícií v sledovanom období.

Salvato in:
Dettagli Bibliografici
Autore principale: Olšovský, R.
Natura: Capitolo di libro
Lingua:ceco
Soggetti:
Tags: Aggiungi Tag
Nessun Tag, puoi essere il primo ad aggiungerne!!

MARC

LEADER 00000naa a2200000 4500
001 r011089
005 20220831090348.9
041 0 |a cze 
044 |a [CS] 
245 1 0 |a Vývoj platební bilance ČSFR v roce 1991.  |c R. Olšovský 
520 |a Vplyv transformačného procesu čs. hospodárstva a zhoršených vonkajších ekonomických podmienok na vývoj platobnej bilancie. Opatrenia na ochranu platobnej bilancie. Charakteristika vývoja bilancie v konvertibilných menách. Príliv priamych investícií v sledovanom období. 
610 2 0 |a bilancia platobná 
610 2 0 |a ČSFR 
610 2 0 |a 1991 
610 2 0 |a vývoj hospodársky 
610 2 0 |a vzťahy hospodárske vonkajšie 
610 2 0 |a kurz devízový 
100 1 |a Olšovský, R.